| 000 | 00782nam a22002177a 4500 | ||
|---|---|---|---|
| 005 | 20100821112155.0 | ||
| 010 | _aENG-101192 | ||
| 020 |
_a9788183161411 _c150.00 |
||
| 035 | _aEN-84725 | ||
| 037 | _bDBAD/PUB | ||
| 082 | _a373 | ||
| 100 |
_aVanaja, M. _916732 |
||
| 245 |
_aCompetitiveness and cooperativeness of secondary school students / _cby Vanaja, M. [and] Anbu Selvi |
||
| 260 |
_aNew Delhi _bNeelkamal Publications _c2009 |
||
| 270 |
_aBG5/9B, Paschim Vihar _bNew Delhi _e110063 |
||
| 300 |
_avii, 120p. _c21cm (pbk) |
||
| 500 | _aincludes bibliographical references and index | ||
| 700 |
_aSelvi, Anbu _915795 |
||
| 942 |
_2ddc _cEN _h373 _mVAN |
||
| 999 |
_c42824 _d42824 |
||